<?xml version="1.0" encoding="UTF-8"?>
<marc:record xmlns:marc="http://www.loc.gov/MARC21/slim">
   <marc:leader>00000nam a2200000 a 4500</marc:leader>
   <marc:datafield ind1="1" ind2=" " tag="100">
      <marc:subfield code="a">Coville, Bruce</marc:subfield>
      <marc:subfield code="4">aut</marc:subfield>
      <marc:subfield code="e">Verfasser/-in</marc:subfield>
   </marc:datafield>
   <marc:datafield ind1="0" ind2="0" tag="245">
      <marc:subfield code="a">Die Einhornchroniken</marc:subfield>
   </marc:datafield>
   <marc:datafield ind1="0" ind2="0" tag="245">
      <marc:subfield code="c">Bruce Coville</marc:subfield>
   </marc:datafield>
   <marc:datafield ind1=" " ind2="1" tag="264">
      <marc:subfield code="a">Bindlach</marc:subfield>
      <marc:subfield code="b">Loewe</marc:subfield>
      <marc:subfield code="c">2010</marc:subfield>
   </marc:datafield>
   <marc:datafield ind1=" " ind2=" " tag="250">
      <marc:subfield code="a">1. Aufl.</marc:subfield>
   </marc:datafield>
   <marc:datafield ind1="1" ind2=" " tag="520">
      <marc:subfield code="a">Angaben aus der Verlagsmeldung

Die Schlacht am Weltenbaum / von Bruce Coville

Die hasserfüllte Beloved ist mit ihren Jägern in das wundersame Land Kirin eingedrungen. Jetzt hat sie die Chance, die Einhörner ein für alle Mal auszulöschen! Kirins magische Bewohner schweben damit in größter Gefahr: Die Jäger haben bei ihrem rücksichtslosen Einfall ins Land der Einhörner den Weltenbaum schwer verletzt! Und mit ihm liegt auch Kirin im Sterben … Nur erbitterter Widerstand gegen Beloved und die Heilung des Weltenbaums können Kirin retten. Während die Einhörner sich auf die alles entscheidende Schlacht vorbereiten, erbittet Cara Hilfe vonseiten der Drachen. Mehr und mehr Bewohner Kirins verbünden sich, um ihre Welt zu retten – doch die Zeit verrinnt schnell ...
</marc:subfield>
   </marc:datafield>
   <marc:datafield ind1=" " ind2=" " tag="020">
      <marc:subfield code="a">9783785560198</marc:subfield>
      <marc:subfield code="9">9783785560198</marc:subfield>
   </marc:datafield>
   <marc:datafield ind1=" " ind2=" " tag="041">
      <marc:subfield code="a">ger</marc:subfield>
   </marc:datafield>
   <marc:datafield ind1=" " ind2=" " tag="300">
      <marc:subfield code="a">333 S.</marc:subfield>
   </marc:datafield>
</marc:record>
